000 01795cad a22002535a 4500
001 L151559
008 101117s2010 xxkad f s 000 0 eng d
035 _a(Sirsi) u151559
041 0 _aeng
050 0 4 _a333.33 $2 18
110 2 _aRoyal Institution of Chartered Surveyors
_bEconomics
_95033
245 0 0 _aRICS global commercial property survey
_bQ3 2010
_h[electronic resource]
260 _aLondon
_bRICS
_c2010
490 0 _aRICS Global Commercial Property Survey United Kingdom
_vQ3 2010
520 _aRICS Global Commercial Property Survey Q3 2010 provides further evidence of a 'two speed' recovery in property markets across the globe. Markets in emerging Asia and Latin America are leading the more developed economies such as the US, UK, Euro Area and Japan. China, Hong Kong, Brazil and Singapore are the strongest performers in the commercial property markets. Occupier markets in the majority of countries are firming with 70% of countries seeing a positive net balance from tenants. Rental expectations are increasing in just over one third of the countries. Significantly occupier recovery in the UK seems to be stalling.
520 _aAlso separate regional commercial property surveys for the Americas; Europe; Hong Kong, China and Singapore; India; Oceania; and United Arab Emirates.
590 _aKA
650 2 4 _aRICS GLOBAL COMMERCIAL PROPERTY SURVEY
651 4 _aInternational
690 _aPROPERTY-COMMERCIAL PROPERTY-COMMERCIAL PROPERTY MARKET
856 4 0 _uhttps://www.rics.org/site/download_feed.aspx?fileID=7714&fileExtension=PDF
_zView the survey free of charge at www.rics.org
856 4 0 _uhttps://www.rics.org/site/scripts/download_info.aspx?downloadID=6025
_zView the regional commercial property surveys free of charge at www.rics.org
942 _n0
999 _c111443
_d111443